Mortalidad por VIH /SIDA en las frontera norte de México: niveles y tendencias recientes /
Збережено в:
| Автор: | |
|---|---|
| Інші автори: | , |
| Формат: | Текст |
| Теги: |
Додати тег
Немає тегів, Будьте першим, хто поставить тег для цього запису!
|
MARC
| LEADER | 00000 a a2200000 04500 | ||
|---|---|---|---|
| 001 | 47359 | ||
| 003 | |||
| 040 | |||
| 090 | |a REV1520 20(79) 2014 | ||
| 100 | |a Zapata-Garibay, Rogelio | ||
| 245 | |a Mortalidad por VIH /SIDA en las frontera norte de México: |b niveles y tendencias recientes / |c Rogelio Zapata-Garibay, Jesús Eduardo González-Fagoaga, María Gudelia Rangel-Gómez | ||
| 700 | |a González-Fagoaga, Jesús Eduardo | ||
| 700 | |a Rangel-Gómez, María Gudelia | ||
| 773 | |g volumen20, número79, (2014), páginas 39-71 : tablas, gráficos, mapa | ||
| 999 | |c 19760 |d 19760 | ||
